DC New 52 Titles - Statistics

General Stats
  • This quiz has been taken 13 times
  • The average score is 40 of 110
Answer Stats
Creative Team Answer % Correct
Scott Snyder, Greg Capullo Batman Wave 1 (#52)
100%
Greg Pak, Jae Lee, Ben Oliver Batman/Superman Wave 5
100%
J.H. Williams III, W. Haden Blackman Batwoman Wave 1
89%
Geoff Johns, Doug Manke Green Lantern Wave 1 (#52)
89%
George Pérez , Jesús Merino Superman Wave 1 (#52)
89%
Charles Soule, Tony Daniel, Batt Superman/Wonder Woman Wave 6
89%
Brain Buccellato, Francis Manapul The Flash Wave 1 (#52)
89%
Brian Azzarello,Cliff Chang Wonder Woman Wave 1 (#52)
89%
Geoff Johns, Ivan Reis Aquaman Wave 1 (#52)
78%
Gail Simone, Aridan Syaf Batgirl Wave 1 (#52)
78%
Geoff Johns, Jim Lee Justice League Wave 1 (#52)
78%
Kyle Higgins, Eddy Barrows Nightwing Wave 1
78%
Scott Snyder, Yanick Paquette Swamp Thing Wave
78%
Scott Lobdell, Brett Booth Teen Titans (Vol. 7) Wave 1
78%
Will Pfeifer, Kenneth Rocafort Teen Titans (Vol. 8) Wave 8
78%
Judd Winick, Ben Oliver Batwing Wave 1
67%
Duane Swiercynski, Jesús Merino Birds of Prey Wave 1
67%
David F. Walker, Ivan Reis, Joe Prado Cyborg Wave 10
67%
Tony S. Daniel Detective comics Wave 1 (#52)
67%
J.T. Krul, David Baron, Green Arrow Wave 1 (#52)
67%
Amanda Conner, Jimmy Palmotti, Chad Hardin Harley Quinn Wave 6
67%
Adam Glass, Fredrieco Dallocchio, Ramson Getty Suicide Squad Wave 1
67%
Grant Morrison, Rags Morales Action Comics Wave 1 (#52)
56%
Jeff Lemire, Travel Foreman Animal Man Wave 1
56%
Peter J. Tomasi, Patrick Gleason Batman and Robin Wave 1
56%
Grant Morrison, Chris Burnham Batman Incorporated Wave 2
56%
Tony Bedard, Ig Guara Blue Beetle Wave 1
56%
Kyle Higgins, Joe Bennet Deathstroke (Vol. 2) Wave 1
56%
Tony Daniel, Sandra Florea Deathstroke (Vol. 3) Wave 9
56%
Peter Milligan, Mikel Janin Justice League Dark Wave 1
56%
Geoff Johns, David Finch Justice League of America (Vol. 3) Wave 4
56%
Bryan Hitch, Wade von Grawbadger Justice League of America (Vol. 4) Wave 10
56%
Rob Williams, Eddy Barrows Martian Manhunter Wave 10
56%
Scott Lobdell, Denis Medri Red Hood/Arsenal Wave 10
56%
Micheal Green, Mike Johnson, Mahmud Asrar Supergirl Wave 1
56%
David Finch, Paul Jenkins Batman: The Dark Knight Wave 1
44%
Brendan Fletcher, Annie Wu Black Canary Wave 10
44%
J.T. Krul, Freddie Williams II Captain Atom Wave 1
44%
Judd Winick, Guillem March Catwoman Wave 1 (#52)
44%
Peter J. Tomasi, Fernando Pasarin Green Lantern Corps Wave 1
44%
Dan Jurgens, Aaron Lopresti Justice League International Wave 1
44%
Scott Lobdell, Kenneth Rocafort Red Hood and the Outlaws Wave 1
44%
Peter Milligan, Ed Benes Red Lanterns Wave 1
44%
Scott Lobdell, R.B. Silva Superboy Wave 1
44%
Jimmy Palmiotti, Justin Gray, Moritat All-Star Western Wave 1
33%
Jeff Lemire, Ray Fawkes Constantine Wave 4
33%
Ming Doyle, Jame Tynion IV, Riley Rossmo Constantine: The Hellblazer Wave 10
33%
Paul Levitz, Sonny Liew Doctor Fate Wave 10
33%
James Robinson, Nicola Scott Earth 2 Wave 2
33%
Daniel H. Wilson, Jorge Jimerez Earth 2: Society Wave 10
33%
Jeff Lemire, Alberto Ponticelli Frankenstein, Agents of S.H.A.D.E. Wave 1
33%
Tim Seeley, Tom King, Mikel Janin Grayson Wave 8
33%
Tony Bedard, Tyler Kirkham Green Lantern: New Guardians Wave 1
33%
Sterling Gates, Rob Liefeld Hawk & Dove Wave 1
33%
Fabien Nicieza, Pete Woods Legion Lost Wave 1
33%
Cullen Bunn, Reilly Brown Lobo Wave 9
33%
Cullen Bunn, Dale Eaglesham Sinestro Wave 7
33%
Dan Jurgens, Lan Medina, Ed Tadeo Aquaman and the Others Wave 7
22%
Dan Jurgens, Benarch Chang Batman Beyond Wave 10
22%
Various DC Universe Presents Wave 1
22%
Becky Cloonan, Brandon Fletcher, Karl Kerschel Gotham Academy Wave 9
22%
Nathan Edmondson, CAFU Grifter Wave 1
22%
Andrew Kreisberg, Geoff Johns, Pete Woods Justice League of America's Vibe Wave 4
22%
Keith Giffen, J.M. DeMatteis, Scott Kolins Larfleeze Wave 5
22%
Paul Levitz, Francis Portela Legion of Super-Heroes Wave 1
22%
Sean Ryan, Jeremy Roberts New Suicide Squad Wave 8
22%
Gail Simone, Ken Lashley Secret Six Wave 9
22%
Amanda Conner, Jimmy Palmotti, Emanuela Lupacchino Starfire Wave 10
22%
Scott McDaniel, John Rozum Static Shock Wave 1
22%
Paul Cornell, Miguel A. Sepulveda Stormwatch Wave 1
22%
Scott Snyder, James Tynoin IV, Guillem March Talon Wave 3
22%
Justin Jordan, Jesús Merino Team 7 Wave 3
22%
Tony Daniel, Philip Tan The Savage Hawkman Wave 1
22%
Ron Marz, Sami Basri Voodoo Wave 1
22%
Lee Bermejo, Rob Haynes, Kharby Randolph We Are... Robin Wave 10
22%
Gerry Duggan, Shawn Crystal Arkham Manor Wave 9
11%
Mike Costa, Ken Lashley Blackhawks Wave 1
11%
Paul Cornell, Diogenes Neves Demon Knights Wave 1
11%
Becky Cloonan, Brandon Fletcher, Karl Kerschel, Adam Archer, Sandra Hope Gotham Academy: Second Semester Wave 10
11%
Ray Fawkes, Ben Templesmith Gotham by Midnight Wave 9
11%
Keith Giffen, Dan DiDio, Scott Koblish Infinity Man and the Forever People Wave 8
11%
Keith Giffen, J.M. DeMatteis, Howard Porter Justice League 3001 Wave 10
11%
Jeff Lemire, Mike McKone Justice League United Wave 7
11%
Jonathan Vankin, Ivan Brandon, Tom Derrick, Phil Winslade Men of War Wave 1
11%
Steve Orlando, ACO Midnighter Wave 10
11%
Eric Wallace, Gianluca Gugliotta Mister Terrific Wave 1
11%
Keith Giffen, Dan DiDio O.M.A.C. Wave 1
11%
Dan Abbnet, Andy Landing, Fernando Dagnino Resurrection Man Wave 1
11%
Patrick Gleason Robin: Son of Batman Wave 10
11%
Dan Jurgens, Lee Weeks Superman: Lois & Clark Wave 10
11%
Scott Snyder, Jim Lee, Scott Williams, Dustin Ngyugen Superman Unchained Wave 5
11%
Christy Marx, Tony Bedrad, Aaron Lopresti, Jesús Saíz Sword of Sorcery Wave 3
11%
Jeff King, Carlo Pagulayan, Jason Paz Telos Wave 10
11%
Gail Simone, Freddie Williams II The Movement Wave 5
11%
Tom King, Alec Morgan The Omega Man Wave 10
11%
Howard Mackie, Ian Churchill, Norm Rapmund The Ravagers Wave 2
11%
Keith Giffen, Tom Raney, Scott Kolins Threshold Wave 4
11%
Paul Levitz, George Pérez, Kevin Maguire Worlds' Finest Wave 2
11%
China Miéville, Mateus Santolucoco Dial H Wave 2
0%
J.T. Crul, Justin Gray, Jimmy Palmotti, Ariel Olivetti, Dan Panosian G.I. Combat Wave 2
0%
Joshua Hale Fialkov, Andrea Sorrentino I, Vampire Wave 1
0%
Keith Giffen, J.M. DeMatteis, Scott Porter Justice League 3000 Wave 6
0%
Ann Nocienti, Alex Sanchez Katana Wave 4
0%
Ann Nocienti, Trevor McCarthy Klarion Wave 9
0%
Various Secret Origins Wave 7
0%
Jimmy Palmotti, Justin Gray, Scott Hampton Star-Spangled War Stories Featuring G.I. Zombie Wave 8
0%
Art Baltazar, Franco Aureliani, Ig Guara The Green Team: Tean Tillionaires Wave 5
0%
Dan DiDio, Brent Anderson, Scott Hanna Trinity of Sin: The Phantom Stranger Wave 3
0%
J.M. Dematteis, Yvel Guichet Trinty of Sin Wave 9
0%
Ray Fawkes, Daniel Sampere, Vicente Cifuentes, Patrick Zircher Trinty of Sin: Pandora Wave 5
0%
No matching quizzes found
Score Distribution
Percent of People with Each Score
Percentile by Number Answered
Your Score History
You have not taken this quiz